| 000 | 00563nam a2200169Ia 4500 | ||
|---|---|---|---|
| 008 | 210719s1992 xx 000 0 und d | ||
| 020 | _a81 7033 138 9 | ||
| 041 | _aeng | ||
| 082 | _a361.954 AHUS | ||
| 100 | _aAHUJA (Ram).; | ||
| 245 | _aSocial problems in India. | ||
| 260 |
_aJaipur _bRawat Publications _c1992 |
||
| 300 |
_axi,389 _bHB |
||
| 365 |
_b375 _cRs |
||
| 650 | _aIndian Social Problems | ||
| 906 | _aPoverty Unemployment Communalism Youth unrest Child labour Violence against women Illiteracy Juvenile delinquency Terrorism Drug abuse Black money | ||
| 999 |
_c211700 _d211700 |
||